Rare Americans Discography quiz - Statistics

General Stats
  • This quiz has been taken 9 times
    4 since last reset
  • The average score is 45 of 131
Answer Stats
Hint Answer % Correct
truth Mama Bear
100%
has got his hands in both your pockets laughing grinding like the milkman Milk Man
100%
if theres a god shes a fuckin freak Anomoly
67%
part of me wants that chaos and part of me walks alone Baggage
67%
i could have done better, i could have done so much better Berlin
67%
said your not a bad person its just a bad world Better Man
67%
if you do time do despicable crimes the devil might let you into heaven in time Brittle Bones Nicky 2
67%
We land he cuts me off in the aisle Fuck You World
67%
everybody mind your head that was the sign i needed Gas Mask
67%
you never know when the gasket will blow when your time will go just stand up and throw Hands & Blood
67%
i cant sleep when we're lying like that the shit i talk sometimes Hey Sunshine
67%
you got kool aid kid, all over your face Hullabaloo
67%
this one goes out to all the kids who fell off the wagon the mutants the misfits the dungeons and the dragons Ive Got a Friend in You
67%
if they keep jackin up the rent Mr.Please
67%
if youre white you might meet them think they a-ok born of another mother brother KKK No Easy Roads
67%
you had it all boy you had a street named after you Pay Me Back
67%
Heaven said cook em a dish with a groovy mixed with some originality Rhythm Kitchen
67%
okay ill do it Ryan & Dave
67%
you think your smart you little pricks like your above the good lords rule? The Walls
67%
no piece on the side no god to confide dyed in my wool my heart like my bride be honest be open be yourself 101
33%
i got love, i got strength, i will go, to great lengths, i got jam, i got energy, you ready? you better me 2 U's
33%
you poor guys make bucket lists, rare americans we take fuckin risks 9 Times Out Of 10
33%
your crazy so uptight upstairs out of his mind goodnight Adults or Kids
33%
no retail therapy or pills or booze Baby Boy
33%
i got your tail pal, i know you got mine Back Up Plan
33%
she sat in the corner smoke on the floor Balmoral Hotel
33%
signing shitty ass deals soaked in honey Black Sheep
33%
day after day, night after night Brand New Tune
33%
he was crafty and tricky Brittle Bones Nicky
33%
lifes a tough son of a bitch but we know we can beat him Broken Road
33%
when we get old and grey i hope we dont live far awa we can write some classic tunes till we're ninety fuckin three Brothers
33%
i lied i lied i lied i lied was sittin on the truth oh why why why do i do the things i do? Bruised
33%
am i in a movie man? Buckle Up Boy
33%
we got a name a logo and everything we gotta come up with the fight so we can sing it goes Kare with a K K.A.R.E Kids Against Religious Enemies Bury & Hide
33%
i feel empty no one gets me i wanna run away i wanna get free Can Anybody Even See Me
33%
to thine own self be true Canoe
33%
tuckin him into bed Carson
33%
its a long walk back for the weak ass rat hated the ride i want my dollar back Deadly Shade of Blue
33%
cant shake the thought of you at someone elses side, i want you by my side Dead Of The Night
33%
take off your armor your protecting yourself from anything worth fighting for Drawing Swords
33%
whats got my mind feeling so down inside i wish i had the answers man im blind Drift Away
33%
easier smokin and he wore his gloves fingerless Drugs
33%
you said its off in the distance a minor threat, no cause for concern candy cigarettes Falling Down
33%
you got to see me naked as the day i was born man im on display Flashback
33%
like okay fuck you watch this Flip The Switch
33%
half clothed hellos waking up to you is gold Fools Gold
33%
happiness a working mans game Fortune Cookies
33%
billys a street smart kid the banker in monopoly craig got a 1o page essay on why the worlds a oligopoly Fuck the Youth
33%
so im thinkin about a trampoline its not that high that grass is green Fuck U Pal
33%
ever heard of dentist? you little red menace shut your pie hole im tryna play tennis Fuck You Elmo
33%
all i got in this world is my own two feet Full Moon
33%
do unto others as mama taught Garbage Day
33%
I wish i didnt have to write this song Give Up First
33%
the kids saffron if he was a spice, details baby cooks his french fries twice Good Eats
33%
i think our lives are the dreams of someone else Good Guy
33%
i visit her are you babe? la la land is just a grave Green Eye'd Monsta
33%
all in vain all in jest all the luck in the world all the best Hands Free
33%
im under the covers im under the bed im under the bus underfed in the head I Had it Coming
33%
bombarded and frustrated aimless alienated now onto the next generation congratulations you made it Inconsequential
33%
straight from the heart of a fucked up kid Is There a Way Out
33%
I lived by the good book my work meant something when i shook it Was You
33%
toothpick twirling hair slicked back says Kansas
33%
luck had never struck my execution was shitty Keys to the Cage
33%
what was the worse that could happen? he seems like a nice fellow Kids These Days
33%
maybe my old man really did know best Klondike Hotel
33%
Its probably not that big its probably not that bad Knves, Guns, & bed
33%
i loved you instantly, i loved you right away Let Go for Love
33%
shoulda saw it coming Lose My Cool
33%
street signs windows blinds dead look in peoples eyes Love is All i Bring
33%
i cant get you off my mind i cant get you outta my head gotta leave the past behind but its catching up instead Love & Pain
33%
dont you think that baby this is a candle we should light? Lovers For a Night
33%
you got some nerve to say all i do is play im out working you every single fuckin day Milk & Honey
33%
sweet perfume and lipstick red, it wasnt quite right decisions regrets, no regrets Missing Targets
33%
gimme gimme gimme we think with our dicks, jimmy jimmy jimmy cant find a fix Money
33%
i can feel it Moving Beyond
33%
we're too young to have this many problems too old for all of the drama Moving On
33%
im gonna shoot my shot im gonna find my words im gonna knuckle down gonna commit to learn My Year
33%
Hum Drum is on attack and now it got your mom and dad Night After Night
33%
i want you i wont lie Northern Lights
33%
one of these things is not like the other basic sesame street brother Odd Ducks
33%
dont fall for cards above peoples sleeves Pandora's Box
33%
i was so numb you could stick a needle in my eye PHD
33%
just let me think Placebo
33%
the pope and his perverts Punk Rock King
33%
to the lord above we pray Rambo
33%
veggies need to be chopped flavour formed in a roux, and man let me tell you we prefer a home brew Rat Race
33%
Generation Z generation me generation inclusivity believe you me change you will see Run The World
33%
you came in my room you smelled of perfume you took off your clothes i thought holy fuck woah Sadie Jane
33%
Autum is celebrating saying goodbye prepare the inevitable getting ready to die Same Boat We Row
33%
your a skid a skid a punk rock kid you are never gonna be anything Seashells
33%
yayayayayayayayayaya (S)kids
33%
is it them? is it them? is it me? Something Else Entirely
33%
nothin ever happens less you put in the work Song For The People
33%
but im just a lone wolf on an open road Starting Over
33%
from brisbane to barcelona Stay Curious
33%
oh you keep me on my toes, i like it that you know Steam To Blow
33%
you saw me break down said its like losing your best friend Sunday Morning
33%
can it open its jaw and put your head in between its teeth? Take It Right On
33%
light bulbs refrigeration tamed fires sanitation antibiotic electronics outer space supersonic The Human Animal
33%
we can start a family but we have never met The Machine
33%
fake kids dress up play pretend like their actually siked The Moneyz
33%
but the words fit like a noose The Painful Part
33%
i told her that i loved her oh fuck im dead Tremendous
33%
aint coming back skipped town dropped off the girls Two Lives
33%
it must just be my lucky day Up, Up & Away
33%
a sell out a coward and a phony is he who turns his back on his homies and we aint gonna get no trophy Voices in my Head
33%
shwing Waynes World 2
33%
place your bets black or red life is a strange game of roulette What Are You Gonna Do Now
33%
Choking on the thought of life without you White T-shirt Nights
33%
heard nirvana tried marijuana, i said yes when someone said you wanna Wild Imagination
33%
im not coming home tonight, getting used to living life Without You Around
33%
i remember back when we could sleep wed wake right up pop out the sheets Worm Is Gonna Turn
33%
and i could see his belly to his eyes, her head started movin i though of our first night X on You
33%
i get fucked up to drown out the noise inside Young Minds
33%
if it cost me my life man id save my only friend thats something i could live with i could take that to the end Brittle Bones Nicky 3
0%
how did i get so confused? Cats, Dogs & Rats
0%
the highs and the lowest of lows Demons
0%
the leading candidates did not vote kids hold signs saying theres no hope Ghosts
0%
hes a hairy 400 pound deeply flawed man Good to Be Young
0%
to find all the unknowns Got U
0%
im looking for direction i can stick to, im looking for a path just like you I vs I
0%
I get a little ahead of myself Little White Lies
0%
rise and shine crack a beer 365 saturdays a year Moss Park
0%
ya get one life No Troubles
0%
she had a ring on her hand, a future she never planned Shay
0%
aint love a big show Stupid Heart
0%
can you pass the paper please? Sway
0%
i guess ill stop wasting my time cant purge the rocks from your cynical minds Today
0%
i was living hard and running out of time Wake Up
0%
its hard living if your thoughts aint right Walkin n Talkin
0%
we got the beers out we got the blunts out we got guitars out we see the stars out we're making killer songs smoking cheech and chong Wednesday Night
0%
No matching quizzes found
Score Distribution
Percent of People with Each Score
Percentile by Number Answered
Your Score History
You have not taken this quiz since the last reset